Biblioteca

Fedra y otras tragedias / Jean Racine ; Flor Robles Villafranca, Traductor (Registro nro. 42311)

Detalles MARC
000 -LÍDER
Campo fijo de descripción fija 004190000a22001570004500
020 ## - NÚMERO INTERNACIONAL NORMALIZADO PARA LIBROS
Número Internacional Normalizado del libro 84-8280-179-1
041 0# - CÓDIGO DE IDIOMA
Código de idioma para texto/pista de sonido o título separado
082 04 - NÚMERO DE CLASIFICACIÓN DECIMAL DEWEY
Número de clasificación G 842.45 R121f
001 - NÚMERO DE CONTROL
Campo de control 13330
100 1# - ASIENTO PRINCIPAL--NOMBRE PERSONAL
Nombre personal Racine, Jean
245 10 - TÍTULO
Título del Material Fedra y otras tragedias / Jean Racine ; Flor Robles Villafranca, Traductor
260 ## - PUBLICACIÓN, DISTRIBUCIÓN, ETC. (PIE DE IMPRENTA)
Lugar de publicación, distribución, etc. Bogotá : Oveja Negra
300 ## - DESCRIPCIÓN FÍSICA
Extensión 239 Pag
942 ## - TIPO DE MATERIAL (KOHA)
Tipo de Item KOHA Libros General
Existencias
Estado de Material Estado de Perdido Estado de Dañado No para Préstamo Colección Tomo Biblioteca de Origen Biblioteca Permanente Fecha de Adquisición Total de Préstamos Signatura Topográfica Código de Barras Última vez visto Ejemplar/Existencia Fecha de Remplazo Tipo de Material
        Colección General   Biblioteca FUSBC Biblioteca FUSBC 03/11/2005   G 842.45 R121f 11334 12/12/2019 1 26/01/2016 Libros General

Biblioteca FUSBC | Teléfono: (57+4) 349 88 10 Ext. 141| WhatsApp (+57) 3005338115 
E-mail: biblioteca@unisbc.edu.co | Calle 76 87-14 Robledo Palenque, Medellín, Colombia

Con tecnología Koha